000 00334nam a2200145Ia 4500
008 230312s9999||||xx |||||||||||||| ||und||
020 _a0-471-2072-8
082 _a025.04
_bSTE-W
100 _aKraynak;Joe
245 0 _aMaster Visually
260 _bWiley
_aUSA
_c2002
300 _a430
650 _aComputer
_vComputer
942 _cBK
999 _c15320
_d15320